000 00837nam a2200265 i 4500
001 10266
003 ES-MaACL
005 20250604062618.0
007 t|
008 950407s1993 sp ||||1| spa d
020 _a84-376-1155-5
080 _a9(46)"1902/31"
080 _a32:92 Canalejas, José
100 1 _aForner Muñoz, Salvador.
_951778
245 1 0 _aCanalejas y el Partido Liberal Democrático (1900-1910) /
_cSalvador Forner Muñoz.
260 _aMadrid :
_bCátedra,
_c1993.
300 _a182 p. ;
_c21 cm.
490 1 _aHistoria. Serie menor
504 _aBibliografía: p. 173-182.
600 1 4 _aCanalejas, José,
_d1854-1912
_934382
651 4 _aEspaña-
_xHistoria-
_y1902-1931, Alfonso XIII
_98276
830 0 _aHistoria. Serie menor
_9178513
852 _aES-MaACL
_jL-17773
_bR.122948
999 _c10266
_d10266